Ekonomicko-environmentálne aspekty využitia paliva vyrobeného z odpadu

Dnešná moderná doba so sebou prináša aj mnoho negatívnych vplyvov na životné prostredie. Jedným z nich je produkcia odpadu, ktorá má stúpajúci charakter. Energetické zhodnocovanie odpadov má veľký význam či už ekonomicky alebo ekologicky. Dôležitým faktom je aj obnoviteľnosť niektorých surovín. Najl...

Ausführliche Beschreibung

Gespeichert in:
Bibliographische Detailangaben
1. Verfasser: Kurejová, Andrea
Weitere Verfasser: Stričík, Michal, 1969-, Kaľuha, Pavol, 1998-
Format: Buchkapitel
Sprache:Slowakisch
Schlagworte:
Tags: Tag hinzufügen
Keine Tags, Fügen Sie das erste Tag hinzu!

MARC

LEADER 00000naa$a2200000$$$4500
001 0298769
005 20250205093143.1
041 0 |a slo 
044 |a SK 
245 1 0 |a Ekonomicko-environmentálne aspekty využitia paliva vyrobeného z odpadu  |c Andrea Kurejová, Michal Stričík, Pavol Kaľuha 
520 |a Dnešná moderná doba so sebou prináša aj mnoho negatívnych vplyvov na životné prostredie. Jedným z nich je produkcia odpadu, ktorá má stúpajúci charakter. Energetické zhodnocovanie odpadov má veľký význam či už ekonomicky alebo ekologicky. Dôležitým faktom je aj obnoviteľnosť niektorých surovín. Najlepším spôsobom odklonu od neobnoviteľných zdrojov je existencia iných alternatív, ktoré sú v mnohých prípadoch aj lacnejšími variantami. Čím viac ľudská populácia zvyšuje svoje nároky, tým viac odpadu produkuje. Mnoho obalových materiálov by sa dalo ďalej využiť, spracovať a nestával by sa z nich odpad. Poukázanie na strategické dokumenty, ktoré ovplyvňujú nakladanie s komunálnym odpadom, využitie odpadu ako paliva a spôsoby nakladania s komunálnym odpadom na Slovensku. 
610 2 0 |a hospodárstvo odpadové 
610 2 0 |a odpad komunálny 
610 2 0 |a zdroje energie obnoviteľné 
610 2 0 |a palivá 
610 2 0 |a ochrana prostredia životného 
610 2 0 |a environmentalistika 
610 2 0 |a dokumenty 
610 2 0 |a Slovensko 
100 1 |a Kurejová, Andrea 
700 1 |a Stričík, Michal, 1969- 
700 1 |a Kaľuha, Pavol, 1998-